| 000 | 00566 a2200205 4500 | ||
|---|---|---|---|
| 005 | 20240719114209.0 | ||
| 008 | 240719b |||||||| |||| 00| 0 eng d | ||
| 020 |
_a9788173915768 _cRs. 900.00 |
||
| 040 | _aMAIN | ||
| 082 |
_a371.911 _bS64T |
||
| 100 | _aSingh, J P | ||
| 245 | _aTechnology for the blind: Concept and context | ||
| 260 |
_bKanishka Publishers, Distributors _c2023 _aNew Delhi |
||
| 300 | _axvi, 271 | ||
| 650 | _aSpecial Education | ||
| 650 | _aTechnology in India | ||
| 650 | _aDisability | ||
| 650 | _aVocational Education | ||
| 942 | _cBK | ||
| 999 |
_c313636 _d313636 |
||